000 00306pam a2200133 a 4500
020 _c
041 _h
082 _a750
_bHUM
100 _aDani Humberstone.
245 _aHow to Paint - Abstracts
_hTextual Documents
260 _a[s.l]:
_bSearch Press ,
_c2013.
300 _a64:
_bpaper.
930 _a7773
999 _c241563
_d241563